[Event "Hastings Challengers 1995/96"]
[Site "Hastings"]
[Date "1996.01.06"]
[Round "10"]
[White "Kurr, Gerd"]
[Black "Shaw, John Kerr"]
[Result "1/2-1/2"]
[WhiteElo "2250"]
[BlackElo "2280"]
[PlyCount "76"]
[EventDate "1995.12.28"]
[EventType "swiss"]
[EventRounds "11"]
[EventCountry "ENG"]
[SourceTitle "BritBase"]
[Source "John Saunders"]
[SourceDate "2025.01.31"]
[SourceVersion "1"]
[SourceVersionDate "2025.01.31"]
[SourceQuality "1"]

1. Nf3 d6 2. d4 Bg4 3. c3 Nd7 4. Nbd2 e6 5. e4 d5 6. Bd3 dxe4 7. Nxe4 Ngf6 8. h3 Bh5 9. Bg5 Be7 10. Nxf6+ Bxf6 11. Bxf6 Qxf6 12. Be4 c6 13. Qb3 Qf4 14. Nd2 Rb8 15. g3 Qd6 16. O-O O-O 17. Rfe1 Rfd8 18. Bg2 h6 19. a4 Bg6 20. Nc4 Qc7 21. Ne5 Nxe5 22. Rxe5 Qb6 23. Qa3 a5 24. Rae1 Bc2 25. h4 Ra8 26. f4 Qb3 27. Ra1 Ra6 28. Qxb3 Bxb3 29. Bf1 Raa8 30. Ra3 Bc2 31. Bc4 Kf8 32. Ra1 b6 33. Kf2 Rac8 34. Re2 Bf5 35. Rd2 c5 36. Rad1 Bg4 37. Be2 Bxe2 38. Kxe2 Ke7 1/2-1/2

[Event "Hastings Challengers 1995/96"]
[Site "Hastings"]
[Date "1996.01.06"]
[Round "10"]
[White "Larsen, Steen Skovlund"]
[Black "Wilson, Jonathan G"]
[Result "1/2-1/2"]
[WhiteElo "2340"]
[BlackElo "2245"]
[PlyCount "127"]
[EventDate "1995.12.28"]
[EventType "swiss"]
[EventRounds "11"]
[EventCountry "ENG"]
[SourceTitle "BritBase"]
[Source "John Saunders"]
[SourceDate "2025.01.31"]
[SourceVersion "1"]
[SourceVersionDate "2025.01.31"]
[SourceQuality "1"]

1. d4 d5 2. c4 c6 3. Nf3 Nf6 4. Nc3 e6 5. e3 Nbd7 6. Bd3 dxc4 7. Bxc4 b5 8. Bd3 a6 9. e4 c5 10. e5 cxd4 11. Ne4 Nd5 12. O-O h6 13. a4 b4 14. Bc4 Bb7 15. a5 Qb8 16. Qxd4 Qa7 17. Qd3 Nc5 18. Nxc5 Bxc5 19. Qe2 Rd8 20. Bd3 Ne7 21. Be4 Bxe4 22. Qxe4 Rd5 23. Be3 Bxe3 24. fxe3 O-O 25. Qxb4 Qxe3+ 26. Kh1 Qa7 27. Qf4 Ng6 28. Qe4 Qb8 29. Qe2 Qb5 30. Rfe1 Qxe2 31. Rxe2 Rb8 32. g3 Rbb5 33. Rae1 Rxa5 34. b4 Rab5 35. Re4 Ne7 36. Rc4 Rb6 37. Nd4 Ng6 38. Nf3 Rdb5 39. Ree4 Ne7 40. Ne1 Nc6 41. Nd3 Rd5 42. Rc3 Ne7 43. Ne1 Rd1 44. Rd3 Rxd3 45. Nxd3 Nd5 46. Rc4 Kh7 47. g4 Kg6 48. h3 h5 49. Kh2 hxg4 50. hxg4 Kg5 51. Kg3 Rb7 52. Kf3 Rb6 53. Kg3 a5 54. bxa5 Rb3 55. Rd4 Nf4 56. Rxf4 Rxd3+ 57. Rf3 Rd4 58. Ra3 Rxg4+ 59. Kf2 Rd4 60. a6 Rd8 61. a7 Ra8 62. Ke3 f5 63. exf6 gxf6 64. Ke4 1/2-1/2

[Event "Hastings Challengers 1995/96"]
[Site "Hastings"]
[Date "1996.01.06"]
[Round "10"]
[White "Lyell, Mark"]
[Black "Richardson, Kevin Derek"]
[Result "1/2-1/2"]
[WhiteElo "2265"]
[BlackElo "2170"]
[PlyCount "110"]
[EventDate "1995.12.28"]
[EventType "swiss"]
[EventRounds "11"]
[EventCountry "ENG"]
[SourceTitle "BritBase"]
[Source "John Saunders"]
[SourceDate "2025.01.31"]
[SourceVersion "1"]
[SourceVersionDate "2025.01.31"]
[SourceQuality "1"]

1. e4 c5 2. c3 Nf6 3. e5 Nd5 4. d4 cxd4 5. Nf3 e6 6. cxd4 b6 7. Nc3 Nxc3 8. bxc3 Qc7 9. Bd2 Bb7 10. Bd3 d6 11. O-O Nd7 12. Bf4 dxe5 13. Nxe5 Bd6 14. Bb5 Ke7 15. Bxd7 Bxe5 16. dxe5 Qxd7 17. Bg5+ Ke8 18. Qg4 h6 19. Bc1 Kf8 20. f4 Kg8 21. Ba3 Kh7 22. Rad1 Qc7 23. f5 Qxe5 24. fxe6 Qe3+ 25. Rf2 fxe6 26. Rd7 Rhg8 27. Rxb7 Qe1+ 28. Rf1 Qe3+ 29. Kh1 Qxc3 30. Qe4+ Kh8 31. Bd6 Rad8 32. Be5 Rdf8 33. Rd1 Qa5 34. h3 Rf5 35. Bb2 Qxa2 36. Qd4 e5 37. Qe4 Rf4 38. Qxe5 Rf2 39. Bc3 Rxg2 40. Ra1 Qf2 41. Rf7 Qg3 42. Qxg3 Rxg3 43. Rc7 Rxh3+ 44. Kg2 Rh5 45. Raxa7 Rg5+ 46. Kf3 Kh7 47. Rab7 b5 48. Kf4 Rf8+ 49. Ke4 Re8+ 50. Kd3 Rg3+ 51. Kd2 Rg2+ 52. Kc1 Rg1+ 53. Kb2 Re2+ 54. Ka3 Reg2 55. Rxb5 Rg5 1/2-1/2

[Event "Hastings Challengers 1995/96"]
[Site "Hastings"]
[Date "1996.01.06"]
[Round "10"]
[White "Malaniuk, Vladimir P"]
[Black "Tseitlin, Mikhail S"]
[Result "0-1"]
[WhiteElo "2580"]
[BlackElo "2435"]
[PlyCount "92"]
[EventDate "1995.12.28"]
[EventType "swiss"]
[EventRounds "11"]
[EventCountry "ENG"]
[SourceTitle "BritBase"]
[Source "John Saunders"]
[SourceDate "2025.01.31"]
[SourceVersion "1"]
[SourceVersionDate "2025.01.31"]
[SourceQuality "1"]

1. d4 f5 2. g3 Nf6 3. Bg2 g6 4. c4 Bg7 5. Nc3 Nc6 6. Nh3 d6 7. d5 Ne5 8. Bd2 O-O 9. b3 Bd7 10. O-O c6 11. Qc1 Re8 12. Rb1 e6 13. dxe6 Bxe6 14. Bh6 Bh8 15. Rd1 Nf7 16. Bf4 Qe7 17. Ng5 Red8 18. Nxf7 Bxf7 19. Bg5 Rd7 20. Rd3 Qf8 21. h3 Bg7 22. Qa3 h6 23. Be3 g5 24. Rbd1 Bg6 25. Bc1 Ne8 26. f4 Bf6 27. e3 Re7 28. Ne2 Bh5 29. R1d2 Bxe2 30. Rxe2 gxf4 31. gxf4 Rg7 32. Bb2 a6 33. Kh2 Rd8 34. Qa5 c5 35. Rd5 Qe7 36. Bxf6 Nxf6 37. Rxf5 Kh8 38. Qc3 Ne4 39. Bxe4 Qxe4 40. Qf6 Qf3 41. Qxh6+ Kg8 42. Rg5 Qxe2+ 43. Kh1 Qf3+ 44. Kh2 Rdd7 45. Qe6+ Rdf7 46. h4 Qc6 0-1

[Event "Hastings Challengers 1995/96"]
[Site "Hastings"]
[Date "1996.01.06"]
[Round "10"]
[White "McMahon, Daire"]
[Black "Goeldenboog, Juergen"]
[Result "1-0"]
[WhiteElo "2240"]
[BlackElo "2050"]
[PlyCount "55"]
[EventDate "1995.12.28"]
[EventType "swiss"]
[EventRounds "11"]
[EventCountry "ENG"]
[SourceTitle "BritBase"]
[Source "John Saunders"]
[SourceDate "2025.01.31"]
[SourceVersion "1"]
[SourceVersionDate "2025.01.31"]
[SourceQuality "1"]

1. d4 d5 2. Nf3 Nf6 3. c4 dxc4 4. e3 e6 5. Bxc4 Be7 6. O-O O-O 7. Qe2 c5 8. dxc5 Qc7 9. b3 Nbd7 10. Bb2 Bxc5 11. Nbd2 b6 12. Rac1 Bb7 13. e4 Qf4 14. Bd3 Rac8 15. e5 Nd5 16. Rc4 Bxf2+ 17. Rxf2 Qe3 18. Rxc8 Rxc8 19. Nc4 Qxe2 20. Bxe2 Nf4 21. Bf1 Bxf3 22. Rxf3 Ng6 23. Rf2 Rc5 24. Rd2 Rd5 25. Rxd5 exd5 26. Ne3 Ngxe5 27. Nxd5 g6 28. Bb5 1-0

[Event "Hastings Challengers 1995/96"]
[Site "Hastings"]
[Date "1996.01.06"]
[Round "10"]
[White "O'Cinneide, Mel"]
[Black "Bisby, Daniel L"]
[Result "1/2-1/2"]
[WhiteElo "2255"]
[BlackElo "2120"]
[PlyCount "58"]
[EventDate "1995.12.28"]
[EventType "swiss"]
[EventRounds "11"]
[EventCountry "ENG"]
[SourceTitle "BritBase"]
[Source "John Saunders"]
[SourceDate "2025.01.31"]
[SourceVersion "1"]
[SourceVersionDate "2025.01.31"]
[SourceQuality "1"]

1. c4 c6 2. d4 d5 3. Nc3 Nf6 4. e3 e6 5. Nf3 Nbd7 6. Bd3 dxc4 7. Bxc4 b5 8. Be2 b4 9. Na4 Bb7 10. O-O Be7 11. a3 a5 12. Qc2 O-O 13. Rd1 Qc7 14. axb4 axb4 15. Bd2 c5 16. dxc5 Be4 17. Qc1 Qb7 18. Nd4 Rfc8 19. f3 Nxc5 20. Nxc5 Bxc5 21. Rxa8 Qxa8 22. Qa1 Bd5 23. Nb5 Qb7 24. Kf2 Ra8 25. Qb1 h6 26. Nd4 Qb6 27. Qd3 Ra2 28. Bc1 Ra1 29. Bd2 Ra2 1/2-1/2

[Event "Hastings Challengers 1995/96"]
[Site "Hastings"]
[Date "1996.01.06"]
[Round "10"]
[White "Pilgaard, Kim"]
[Black "Parker, Jonathan F"]
[Result "0-1"]
[WhiteElo "2315"]
[BlackElo "2415"]
[PlyCount "78"]
[EventDate "1995.12.28"]
[EventType "swiss"]
[EventRounds "11"]
[EventCountry "ENG"]
[SourceTitle "BritBase"]
[Source "John Saunders"]
[SourceDate "2025.01.31"]
[SourceVersion "1"]
[SourceVersionDate "2025.01.31"]
[SourceQuality "1"]

1. e4 e5 2. Nf3 Nc6 3. Nc3 Nf6 4. d4 exd4 5. Nxd4 Bb4 6. Nxc6 bxc6 7. Bd3 d5 8. exd5 cxd5 9. O-O O-O 10. Bg5 c6 11. Na4 Bd6 12. Re1 h6 13. Bh4 Be6 14. c3 c5 15. b3 Rc8 16. Bc2 Re8 17. Qf3 Bf8 18. h3 g5 19. Bg3 Bg7 20. Be5 Nd7 21. Bxg7 Kxg7 22. Rad1 Qf6 23. Qd3 Rh8 24. b4 h5 25. Re3 g4 26. a3 Ne5 27. Qf1 Nc4 28. Re2 cxb4 29. axb4 gxh3 30. Nc5 hxg2 31. Qxg2+ Kh6 32. Rd3 Rhg8 33. Rg3 Rxg3 34. Qxg3 h4 35. Qg2 Bf5 36. Qxd5 Rg8+ 37. Kh2 Qg6 38. Bxf5 Qg1+ 39. Kh3 Rg3+ 0-1

[Event "Hastings Challengers 1995/96"]
[Site "Hastings"]
[Date "1996.01.06"]
[Round "10"]
[White "Plaskett, H James"]
[Black "Kelly, Brian R"]
[Result "1-0"]
[WhiteElo "2465"]
[BlackElo "2300"]
[PlyCount "125"]
[EventDate "1995.12.28"]
[EventType "swiss"]
[EventRounds "11"]
[EventCountry "ENG"]
[SourceTitle "BritBase"]
[Source "John Saunders"]
[SourceDate "2025.01.31"]
[SourceVersion "1"]
[SourceVersionDate "2025.01.31"]
[SourceQuality "1"]

1. d4 d5 2. Nf3 Nf6 3. c4 c6 4. Nc3 e6 5. Qd3 dxc4 6. Qxc4 b5 7. Qb3 Nbd7 8. g3 a6 9. Bg2 Bb7 10. Ne5 Nxe5 11. dxe5 Ng4 12. O-O Nxe5 13. Bf4 Nc4 14. Rfd1 Qc8 15. a4 Na5 16. Qc2 Bb4 17. Na2 Bf8 18. Nc3 Be7 19. Ne4 O-O 20. Bd6 Re8 21. Qc3 Nc4 22. Bxe7 Rxe7 23. b3 Nb6 24. Nd6 Qb8 25. Nxb7 Rxb7 26. Bxc6 Rc7 27. axb5 axb5 28. Rxa8 Nxa8 29. Qa5 Rc8 30. Bb7 Rf8 31. Rd7 g6 32. b4 h5 33. h4 Qe8 34. Bc6 Qb8 35. Kg2 Rc8 36. Qxb5 Qxb5 37. Bxb5 Nb6 38. Rb7 Nd5 39. Bd3 Rc3 40. b5 Rb3 41. Be4 Kg7 42. Kf1 Rb4 43. Bxd5 exd5 44. Ke1 Rb2 45. b6 Kf6 46. Kd1 Ke6 47. Rb8 Kf5 48. Kc1 Rxe2 49. Rd8 Re7 50. Rxd5+ Ke4 51. Rb5 Rb7 52. Kd2 Kd4 53. Ke2 Kc4 54. Rb1 Kc5 55. Ke3 f6 56. f4 f5 57. Kd3 Rd7+ 58. Kc3 Rb7 59. Rb2 Kd5 60. Rb5+ Kc6 61. Kc4 Kd6 62. Rb1 Kc6 63. Rb3 1-0

[Event "Hastings Challengers 1995/96"]
[Site "Hastings"]
[Date "1996.01.06"]
[Round "10"]
[White "Quinn, Mark"]
[Black "Sher, Miron Naumovich"]
[Result "0-1"]
[WhiteElo "2360"]
[BlackElo "2510"]
[PlyCount "87"]
[EventDate "1995.12.28"]
[EventType "swiss"]
[EventRounds "11"]
[EventCountry "ENG"]
[SourceTitle "BritBase"]
[Source "John Saunders"]
[SourceDate "2025.01.31"]
[SourceVersion "1"]
[SourceVersionDate "2025.01.31"]
[SourceQuality "1"]

1. d4 Nf6 2. c4 e6 3. g3 c5 4. d5 exd5 5. cxd5 d6 6. Nc3 g6 7. Bg2 Bg7 8. Nf3 O-O 9. O-O a6 10. a4 Nbd7 11. h3 Re8 12. Nd2 Rb8 13. Nc4 Nb6 14. Na3 Bd7 15. a5 Nc8 16. Nc4 Bb5 17. Qb3 Qd7 18. Rd1 Bxc4 19. Qxc4 Na7 20. e3 Nb5 21. Bd2 Rec8 22. Rac1 Qe8 23. g4 Nxc3 24. Bxc3 Nd7 25. g5 Bxc3 26. Rxc3 Qd8 27. Qf4 Ne5 28. Qa4 b5 29. axb6 Rxb6 30. f4 Nd7 31. b3 Rcb8 32. h4 Rb4 33. Qxa6 Rxb3 34. Rxb3 Rxb3 35. Qxd6 Rb6 36. Qc6 Qe8 37. Qc7 Qxe3+ 38. Kh1 Qe2 39. Qxd7 Qxd1+ 40. Kh2 Rb8 41. Qc7 Re8 42. f5 Qg4 43. Qg3 Qxg3+ 44. Kxg3 0-1

[Event "Hastings Challengers 1995/96"]
[Site "Hastings"]
[Date "1996.01.06"]
[Round "10"]
[White "Radovanovic, Jovica"]
[Black "Hon, Andrew HL"]
[Result "1-0"]
[WhiteElo "2280"]
[BlackElo "2225"]
[PlyCount "117"]
[EventDate "1995.12.28"]
[EventType "swiss"]
[EventRounds "11"]
[EventCountry "ENG"]
[SourceTitle "BritBase"]
[Source "John Saunders"]
[SourceDate "2025.01.31"]
[SourceVersion "1"]
[SourceVersionDate "2025.01.31"]
[SourceQuality "1"]

1. e4 d6 2. d4 g6 3. Nc3 Bg7 4. Nf3 Nf6 5. Be2 O-O 6. O-O Bg4 7. h3 Bxf3 8. Bxf3 e5 9. dxe5 dxe5 10. Be3 Nc6 11. Ne2 Qxd1 12. Rfxd1 Rfd8 13. Kf1 a5 14. Ke1 Nb4 15. Rdc1 Nc6 16. c3 a4 17. Rd1 Na5 18. Rxd8+ Rxd8 19. Rd1 Re8 20. g4 Nc4 21. Bc1 Nd6 22. Ng3 Nd7 23. Be3 b6 24. Be2 Rd8 25. a3 Rb8 26. Kd2 Nf8 27. Kc2 Ne6 28. Bf1 Bf6 29. Rd5 Kf8 30. f3 Ke7 31. Rd1 c6 32. Be2 Bg5 33. Nf1 Bxe3 34. Nxe3 Nf4 35. Bf1 b5 36. h4 Ne6 37. g5 Nf4 38. Ng4 Ke6 39. Rd2 Rc8 40. Rh2 Rh8 41. Bh3 Nxh3 42. Rxh3 Nc4 43. h5 Rd8 44. h6 Rd2+ 45. Kc1 Rxb2 46. Nf6 Rb3 47. f4 b4 48. Nxh7 Rxa3 49. Kb1 b3 50. Rh2 b2 51. Rxb2 Nxb2 52. Nf8+ Ke7 53. h7 Nc4 54. h8=Q Rxc3 55. Nh7 a3 56. Qf8+ Ke6 57. Qd8 Rb3+ 58. Kc2 Rb2+ 59. Kc3 1-0

[Event "Hastings Challengers 1995/96"]
[Site "Hastings"]
[Date "1996.01.06"]
[Round "10"]
[White "Stoeber, Michael"]
[Black "Arkell, Keith C"]
[Result "0-1"]
[WhiteElo "2250"]
[BlackElo "2505"]
[PlyCount "68"]
[EventDate "1995.12.28"]
[EventType "swiss"]
[EventRounds "11"]
[EventCountry "ENG"]
[SourceTitle "BritBase"]
[Source "John Saunders"]
[SourceDate "2025.01.31"]
[SourceVersion "1"]
[SourceVersionDate "2025.01.31"]
[SourceQuality "1"]

1. d4 Nf6 2. c4 e6 3. Nf3 b6 4. e3 Bb4+ 5. Nbd2 Bb7 6. Bd3 c5 7. a3 Bxd2+ 8. Bxd2 Ne4 9. Bxe4 Bxe4 10. dxc5 bxc5 11. Bc3 f6 12. Nd2 Bg6 13. h4 h5 14. Qf3 Nc6 15. Rd1 O-O 16. Qg3 Bc2 17. Rc1 Bf5 18. e4 Bh7 19. Qe3 Qe7 20. O-O e5 21. f4 exf4 22. Rxf4 Ne5 23. Nf3 Nxc4 24. Qd3 Nb6 25. Qf1 Bxe4 26. Re1 d5 27. Nd2 f5 28. Rxf5 Qxh4 29. Nxe4 dxe4 30. Re3 Nd5 31. Rh3 Qg4 32. Rxf8+ Rxf8 33. Qc4 Rf5 34. Re3 Rg5 0-1

[Event "Hastings Challengers 1995/96"]
[Site "Hastings"]
[Date "1996.01.06"]
[Round "10"]
[White "Tagnon, Nicole"]
[Black "Schmedders, Hans Gerd"]
[Result "1/2-1/2"]
[WhiteElo "2105"]
[BlackElo "2310"]
[PlyCount "57"]
[EventDate "1995.12.28"]
[EventType "swiss"]
[EventRounds "11"]
[EventCountry "ENG"]
[SourceTitle "BritBase"]
[Source "John Saunders"]
[SourceDate "2025.01.31"]
[SourceVersion "1"]
[SourceVersionDate "2025.01.31"]
[SourceQuality "1"]

1. e4 c6 2. d4 d5 3. e5 Bf5 4. Nc3 Qb6 5. Nf3 e6 6. Be2 Nd7 7. O-O Ne7 8. b3 Bg4 9. Na4 Qc7 10. c4 Nf5 11. Bb2 Be7 12. Rc1 Nb6 13. Nxb6 axb6 14. a4 Qd7 15. h3 Bxf3 16. Bxf3 g6 17. cxd5 exd5 18. Qd2 h5 19. Rfe1 Ng7 20. Be2 Ne6 21. f4 Qd8 22. Rf1 Ng7 23. Bd3 Nf5 24. Rf3 Qd7 25. Kh2 h4 26. Re1 Qe6 27. Rff1 Ng3 28. Rf3 Nf5 29. Rff1 1/2-1/2

[Event "Hastings Challengers 1995/96"]
[Site "Hastings"]
[Date "1996.01.06"]
[Round "10"]
[White "Trzaska, Peter"]
[Black "Bryson, Douglas Marshall"]
[Result "0-1"]
[WhiteElo "2200"]
[BlackElo "2405"]
[PlyCount "86"]
[EventDate "1995.12.28"]
[EventType "swiss"]
[EventRounds "11"]
[EventCountry "ENG"]
[SourceTitle "BritBase"]
[Source "John Saunders"]
[SourceDate "2025.01.31"]
[SourceVersion "1"]
[SourceVersionDate "2025.01.31"]
[SourceQuality "1"]

1. e4 d5 2. exd5 Nf6 3. d4 Nxd5 4. Nf3 Bg4 5. Be2 e6 6. h3 Bh5 7. O-O Nc6 8. c4 Nb6 9. Nc3 Be7 10. Be3 Bxf3 11. Bxf3 Nxc4 12. Bxc6+ bxc6 13. Qa4 Nb6 14. Qxc6+ Qd7 15. Qxd7+ Kxd7 16. Rac1 Bb4 17. Rfd1 Bxc3 18. bxc3 Nc4 19. d5 e5 20. Rb1 Rhb8 21. Rb4 Rxb4 22. cxb4 a5 23. b5 Kd6 24. a4 Re8 25. Rc1 Kxd5 26. Rd1+ Ke6 27. Rc1 Nxe3 28. fxe3 Kd7 29. Rd1+ Kc8 30. g4 Rd8 31. Rc1 Kb7 32. Kf2 Rd2+ 33. Kf3 Rb2 34. Rc4 Rb4 35. Re4 f6 36. g5 Kb6 37. h4 Kc5 38. h5 h6 39. g6 Rxe4 40. Kxe4 Kc4 41. Kf5 Kd5 42. e4+ Kd6 43. Kg4 Ke6 0-1

[Event "Hastings Challengers 1995/96"]
[Site "Hastings"]
[Date "1996.01.06"]
[Round "10"]
[White "Vigus, James E"]
[Black "Suetin, Alexey S"]
[Result "1-0"]
[WhiteElo "2110"]
[BlackElo "2445"]
[PlyCount "119"]
[EventDate "1995.12.28"]
[EventType "swiss"]
[EventRounds "11"]
[EventCountry "ENG"]
[SourceTitle "BritBase"]
[Source "John Saunders"]
[SourceDate "2025.01.31"]
[SourceVersion "1"]
[SourceVersionDate "2025.01.31"]
[SourceQuality "1"]

1. d4 Nf6 2. Bg5 Ne4 3. Bf4 c5 4. f3 Qa5+ 5. c3 Nf6 6. d5 Qb6 7. b3 e6 8. e4 d6 9. c4 Be7 10. Nc3 O-O 11. Bd3 Nbd7 12. Nge2 Ne5 13. Bc2 Bd7 14. O-O a6 15. a4 Qc7 16. a5 Rfe8 17. Qd2 b5 18. axb6 Qxb6 19. Kh1 Reb8 20. Be3 exd5 21. exd5 Qd8 22. f4 Ng6 23. Bg1 Bf8 24. h3 Bc8 25. Bh2 Ra7 26. Ng1 Re7 27. Nf3 Nd7 28. Ne4 Re8 29. Rae1 Nb6 30. f5 Bxf5 31. Nxd6 Rxe1 32. Nxe1 Bxd6 33. Bxf5 Bxh2 34. Kxh2 Qd6+ 35. Kg1 Ne7 36. Bc2 Nd7 37. Nf3 Ng6 38. Ng5 Nf6 39. Qf2 Ne5 40. Qf5 h6 41. Ne4 Nxe4 42. Qxe4 g6 43. Qe3 Kg7 44. Qc3 h5 45. Ra1 Kg8 46. Ra5 Nd7 47. Ra1 Re8 48. Qf3 Re7 49. Kh1 h4 50. Kg1 Nf6 51. Qf2 g5 52. Qf5 Re5 53. Qf3 Kg7 54. Bd3 Re7 55. Bc2 Qg3 56. Qxg3 hxg3 57. Kf1 Nh5 58. d6 Rd7 59. Rxa6 Kf6 60. b4 1-0

[Event "Hastings Challengers 1995/96"]
[Site "Hastings"]
[Date "1996.01.06"]
[Round "10"]
[White "Williams, Simon Kim"]
[Black "Moss, Robin BW"]
[Result "1-0"]
[WhiteElo "2250"]
[BlackElo "2265"]
[PlyCount "46"]
[EventDate "1995.12.28"]
[EventType "swiss"]
[EventRounds "11"]
[EventCountry "ENG"]
[SourceTitle "BritBase"]
[Source "John Saunders"]
[SourceDate "2025.01.31"]
[SourceVersion "1"]
[SourceVersionDate "2025.01.31"]
[SourceQuality "1"]

1. c4 b6 2. Nc3 e6 3. e4 Bb7 4. Bd3 Bb4 5. Nge2 Nc6 6. Bc2 Ne5 7. b3 Qh4 8. O-O Ne7 9. d4 Bxc3 10. Nxc3 Ng4 11. h3 h5 12. Bf4 O-O-O 13. Qd2 f6 14. Bg3 Qg5 15. Qxg5 fxg5 16. hxg4 h4 17. Bh2 h3 18. gxh3 Rxh3 19. Bg3 Nc6 20. Rad1 e5 21. dxe5 Rxg3+ 22. fxg3 Nxe5 23. Rde1 Rh8 1-0

[Event "Hastings Challengers 1995/96"]
[Site "Hastings"]
[Date "1996.01.06"]
[Round "10"]
[White "Straeter, Timo"]
[Black "Rausis, Igors"]
[Result "1-0"]
[WhiteElo "2515"]
[BlackElo "2490"]
[PlyCount "49"]
[EventDate "1995.12.28"]
[EventType "swiss"]
[EventRounds "11"]
[EventCountry "ENG"]
[SourceTitle "BritBase"]
[Source "John Saunders"]
[SourceDate "2025.01.31"]
[SourceVersion "1"]
[SourceVersionDate "2025.01.31"]
[SourceQuality "1"]

1. d4 d5 2. Nf3 c6 3. c4 dxc4 4. e3 b5 5. a4 e6 6. Nc3 Bb4 7. Bd2 Bb7 8. axb5 Bxc3 9. Bxc3 cxb5 10. d5 Nf6 11. dxe6 Qxd1+ 12. Rxd1 Bxf3 13. exf7+ Kxf7 14. gxf3 Nc6 15. Rd6 Rac8 16. Rg1 Rhe8 17. Bh3 Rc7 18. Rg5 Rb8 19. Rc5 Rb6 20. Ba5 Nxa5 21. Rxc7+ Kg6 22. Rxb6 axb6 23. Be6 Nb3 24. Rb7 Nc5 25. Rxb6 1-0

[Event "Hastings Challengers 1995/96"]
[Site "Hastings"]
[Date "1996.01.06"]
[Round "10"]
[White "De Coverly, Roger D"]
[Black "Marusenko, Petr"]
[Result "0-1"]
[WhiteElo "2105"]
[BlackElo "2305"]
[PlyCount "114"]
[EventDate "1995.12.28"]
[EventType "swiss"]
[EventRounds "11"]
[EventCountry "ENG"]
[SourceTitle "BritBase"]
[Source "John Saunders"]
[SourceDate "2025.01.31"]
[SourceVersion "1"]
[SourceVersionDate "2025.01.31"]
[SourceQuality "1"]

1. e4 c5 2. Nf3 e6 3. d3 d5 4. Nbd2 Nc6 5. g3 Nf6 6. Bg2 Be7 7. O-O b6 8. e5 Nd7 9. Re1 Qc7 10. Qe2 Bb7 11. h4 O-O-O 12. Nf1 h6 13. N1h2 g5 14. h5 Bf8 15. Ng4 Bg7 16. a3 Kb8 17. Rb1 Rde8 18. b4 cxb4 19. axb4 f5 20. exf6 Nxf6 21. Nxf6 Bxf6 22. b5 Nd4 23. Nxd4 Bxd4 24. Bb2 Bxb2 25. Rxb2 e5 26. c4 dxc4 27. Bxb7 cxd3 28. Qxd3 Qxb7 29. Qd6+ Qc7 30. Qxc7+ Kxc7 31. Rd2 Rh7 32. Rc1+ Kb7 33. Rc6 e4 34. Rdd6 e3 35. fxe3 Rxe3 36. Rxh6 Rhe7 37. Rhg6 Rxg3+ 38. Kf2 Rb3 39. Rce6 Rxe6 40. Rxe6 Rxb5 41. h6 Rb4 42. h7 Rh4 43. Re7+ Ka6 44. Ke3 b5 45. Rg7 Kb6 46. Rg6+ Ka5 47. Rg7 a6 48. Kf3 Kb4 49. Re7 Ka5 50. Rg7 Ka4 51. Ke3 a5 52. Re7 b4 53. Rd7 Ka3 54. Ra7 a4 55. Rb7 b3 56. Kd3 g4 57. Ke4 b2 {Source: Roger de Coverly, 11 August 2024} 0-1

[Event "Hastings Challengers 1995/96"]
[Site "Hastings"]
[Date "1996.01.06"]
[Round "10"]
[White "Pert, Nicholas"]
[Black "Cafferty, Bernard"]
[Result "1/2-1/2"]
[WhiteElo "2160"]
[BlackElo "2260"]
[PlyCount "110"]
[EventDate "1995.12.28"]
[EventType "swiss"]
[EventRounds "11"]
[EventCountry "ENG"]
[SourceTitle "BritBase"]
[Source "John Saunders"]
[SourceDate "2025.01.31"]
[SourceVersion "1"]
[SourceVersionDate "2025.01.31"]
[SourceQuality "1"]

1. d4 Nf6 2. Nf3 e6 3. g3 b6 4. Bg2 Bb7 5. c4 Be7 6. O-O O-O 7. Nc3 Ne4 8. Bd2 d6 9. Qc2 Nxd2 10. Qxd2 Nd7 11. e4 e5 12. Nd5 Re8 13. Rfe1 Bf8 14. Rad1 a6 15. Bh3 exd4 16. Nxd4 Ne5 17. Qe2 c6 18. Nc3 Qc7 19. f4 Nd7 20. Qd2 Rad8 21. Bg2 b5 22. cxb5 axb5 23. Qc2 Qb6 24. Kh1 Nc5 25. a3 g6 26. Rf1 Bg7 27. f5 Nd7 28. Nf3 c5 29. fxg6 hxg6 30. Ng5 Bxc3 31. Qxc3 Ne5 32. Qe3 Rd7 33. Qf4 Kg7 34. Qf6+ Kg8 35. Rf4 Qd8 36. Bh3 Qxf6 37. Rxf6 Rde7 38. Rfxd6 Nc4 39. Rd8 Rxd8 40. Rxd8+ Kg7 41. Rd7 Rxd7 42. Bxd7 Nxb2 43. Kg1 Ba6 44. e5 b4 45. axb4 cxb4 46. e6 fxe6 47. Nxe6+ Kf6 48. Nc5 Bc4 49. Kf2 Nd1+ 50. Ke1 Ne3 51. Ba4 Nf1 52. Ne4+ Ke5 53. Nd2 Nxd2 54. Kxd2 Kd4 55. h4 Be6 1/2-1/2

[Event "Hastings Challengers 1995/96"]
[Site "Hastings"]
[Date "1996.01.06"]
[Round "10"]
[White "Almond, Richard JA"]
[Black "Ellison, Derek George"]
[Result "1-0"]
[WhiteElo "2070"]
[BlackElo "2140"]
[PlyCount "101"]
[EventDate "1995.12.28"]
[EventType "swiss"]
[EventRounds "11"]
[EventCountry "ENG"]
[SourceTitle "Denman Collection"]
[Source "Brian Denman"]
[SourceDate "2023.11.29"]
[SourceVersion "1"]
[SourceVersionDate "2023.11.29"]
[SourceQuality "1"]

1. d4 f5 2. g3 Nf6 3. Bg2 g6 4. Nf3 Bg7 5. O-O O-O 6. c4 d6 7. Nc3 Nc6 8. d5 Na5 9. Qd3 c5 10. Nd2 Bd7 11. e4 a6 12. a4 Rb8 13. Qe2 e5 14. f3 f4 15. g4 g5 16. Rb1 Qc7 17. b3 Rfc8 18. Ba3 Bf8 19. Rfc1 b5 20. cxb5 axb5 21. axb5 c4 22. bxc4 Qa7+ 23. Kh1 Qd4 24. Bf1 h5 25. Bb4 Nb7 26. Nb3 Qb6 27. h3 Be7 28. Ra1 Ra8 29. Kg2 Kg7 30. Qf2 Qd8 31. Ra7 Rab8 32. Be2 Qh8 33. Rh1 Qh7 34. Na4 Rh8 35. Qg1 Ra8 36. Rxa8 Rxa8 37. Nc3 Qh8 38. Qb6 Qc8 39. Na5 Rxa5 40. Bxa5 Bd8 41. Qa6 Bxa5 42. Na4 Qc7 43. Ra1 Ne8 44. Qa7 Bd2 45. c5 dxc5 46. Nxc5 Bc8 47. Nxb7 Bxb7 48. b6 Qc8 49. Ba6 Nd6 50. Bxb7 Nxb7 51. Qxb7+ {Source: C P Ravilious (Brian Denman Collection)} 1-0

[Event "Hastings Challengers 1995/96"]
[Site "Hastings"]
[Date "1996.01.07"]
[Round "11"]
[White "Almond, Richard JA"]
[Black "Lyell, Mark"]
[Result "1-0"]
[WhiteElo "2070"]
[BlackElo "2265"]
[PlyCount "57"]
[EventDate "1995.12.28"]
[EventType "swiss"]
[EventRounds "11"]
[EventCountry "ENG"]
[SourceTitle "BritBase"]
[Source "John Saunders"]
[SourceDate "2025.01.31"]
[SourceVersion "1"]
[SourceVersionDate "2025.01.31"]
[SourceQuality "1"]

1. d4 f5 2. g3 g6 3. Bg2 Bg7 4. Nf3 Nf6 5. a4 O-O 6. Nc3 d6 7. O-O Qe8 8. e4 fxe4 9. Ng5 Nc6 10. Be3 Bf5 11. Ngxe4 Nxe4 12. Nxe4 e5 13. d5 Nd4 14. Rc1 h6 15. Re1 Qd7 16. Nd2 Rae8 17. f3 e4 18. Nxe4 Nxf3+ 19. Bxf3 Bxe4 20. Bxe4 Rxe4 21. Qd2 Qg4 22. b3 Be5 23. Bf2 Ref4 24. Re2 h5 25. h3 Qxh3 26. gxf4 Rxf4 27. Bxa7 b6 28. Rf2 Bd4 29. Qxf4 1-0